| 000 | 00523nam a2200145Ia 4500 | ||
|---|---|---|---|
| 008 | 100122s9999 xx 000 0 und d | ||
| 082 |
_b13670 _a920 |
||
| 100 | _aबागल माधवराव | ||
| 245 | _aबहुजन समाजाचे शिल्पकार | ||
| 260 |
_bठोकळ प्रकाशन _c1966 |
||
| 300 | _a203 | ||
| 630 | _aबहुजन समाजाचे शिल्पकार | ||
| 730 | _aबहुजन समाजाचे शिल्पकार | ||
| 942 | _cBOOK | ||
| 999 |
_c404447 _d404444 |
||